000 00651nam a22002297a 4500
003 UA-OsUOA
001 37811
007 ta
008 20070517b un ||||| |||| 00| 0 ukr d
100 _aПарамонов Я.
090 _a94(477).152
_bП18
942 _cBK
040 _aUA-OsUOA
_bukr
_cUA-OsUOA
_dUA-OsUOA
245 _aЗвідки ми, чиї ми діти?
_b(Нове з історії стародавньої Руси)
300 _a118 с.
955 _a1
041 _aukr
080 _a94(477).152
260 _aВінніпег
_c1963
650 7 _a9 Географія. Біографії. Історія
_2UDC
999 _c436337
_d436337